000 01260nam a2200277 a 4500
001 BRCA_96
005 20190320202858.0
008 920730s1991 mx-a---##c---#000-0#spa-#
041 _aspa
044 _amx
050 4 _aNA5257.P8
_b.M6 1991
100 1 _aMonterrosa Prado, Mariano
_9371
245 1 0 _aCatálogo de bienes muebles del ex-Convento de Santa Mónica
_bCiudad de Puebla
_cMariano Monterrosa Prado, Leticia Talavera Solórzano.
260 _a[Puebla]
_bGobierno del Estado de Puebla
_c[1991]
300 _a483 p.
_bil.
_c28 cm.
500 _aTítulo de la cubierta: Catálogo nacional de bienes muebles del ex-convento de Santa Mónica de la Ciudad de Puebla
500 _aTítulo del lomo: Bienes muebles del ex-convento de Santa Mónica
610 2 4 _aMuseo Regional de Santa Mónica
_vCatálogos
_zPuebla (México)
_9372
650 1 4 _aArte
_vCatálogos
_zPuebla (México)
_9373
650 1 4 _aEscultura religiosa
_zPuebla (México)
_9374
650 1 4 _aPintura religiosa
_zPuebla (México)
_9375
700 1 _aTalavera Solórzano, Elsa Leticia
_ecoaut.
_9376
710 2 _aMuseo Regional de Santa Mónica, Puebla (México)
_9377
740 0 _aCatálogo nacional de bienes muebles del ex-convento de Santa Mónica de la Ciudad de Puebla
942 _2lcc
_cB
999 _c82
_d82